Possessive Adjectives-Spanish Quiz Stats

Quiz not verified by Sporcle

Challenge
Share
Tweet
Embed
Score 0/12 Timer 04:00
0 Plays Today
English word Spanish translation % Correct
My (singular)Mi
99.9%
My (plural)Mis
98.3%
Your (informal, singular)Tu
97.1%
Your (informal, plural)Tus
95.9%
His, her, its, your (informal) (singular)Su
94.1%
His, her, its, your (informal) (plural)Sus
93.3%
Our (singular)Nuestro
90.8%
Our (plural)Nuestros
89.3%
Their, your [multiple] (formal) (singular)Su
81.4%
Your [multiple] (familiar, singular)Vuestro
81.2%
Their, your [multiple] (formal) (plural)Sus
81.2%
Your [multiple] (familiar, plural)Vuestros
79.7%

You're not logged in!

Compare scores with friends on all Sporcle quizzes.
Sign Up with Email
OR
Log In

You Might Also Like...

Show Comments

Extras

Top Quizzes Today


Score Distribution

Your Account Isn't Verified!

In order to create a playlist on Sporcle, you need to verify the email address you used during registration. Go to your Sporcle Settings to finish the process.

Report this User

Report this user for behavior that violates our Community Guidelines.

Details: